00495nam a2200169 a 4500008004100000020002200041100001900063245007700082260004100159300003600200500002000236650002400256700001800280003000100298005001700299040000900316  a0907323928 (pbk.)1 aTutt, L. W. G.10aFinancial aspects of pension business/bL. W. G. Tutt and S. I. M. Tutt. aLondon :bCII Tuition Service,c1986 a1 v. (various pagings) ;c30cm. aIncludes index. aPensions xFinance. aTutt S. W. G.20230123133354.0 cNUST